000 00384nam a22001577a 4500
003 BD-DhUIB
005 20251018164125.0
008 251018b |||||||| |||| 00| 0 eng d
040 _aBD-DhUIB
_cBD-DhUIB
050 _a332.1
082 _222
100 _aMadura, Jeff.
_9490
245 _aFinancial markets and institutions/
_cby Jeff, Madura.
250 _a6th ed.
942 _2ddc
_cBK
999 _c566
_d566